000
00284nam a2200109Ia 4500
005
20251222153648.0
008
251222s9999||||xx |||||||||||||| ||spa||
082
_a
270/P77
100
_a
Facultad de TeologĂa Pontificia y civil de Lima
245
0
_a
Tu Tienes la Palabra
942
_c
LIB
999
_c
33021
_d
33021